Statistics for Mobile app icon quiz #2

Click here to take the quiz!

General Stats

  • This quiz has been taken 317 times
  • The average score is 18 of 30

Answer Stats

Answer% Correct
Candy crush saga
95%
Microsoft Word
91%
McDonald's
89%
Monopoly Go
88%
Skype
88%
Twitch
86%
Subway Surfers
84%
Microsoft Excel
83%
PowerPoint
83%
Roblox
79%
Wikipedia
75%
Clash of clans
74%
Tinder
74%
Outlook
73%
CapCut
67%
Google Docs
61%
Shazam
61%
Google Home
59%
Google Meet
56%
Amazon Kindle
51%
Google Pay
35%
Picsart AI
34%
Google Lens
33%
Audible
32%
Venmo
31%
Pandora
26%
Google News
16%
Royal Match
15%
Google Fit
12%
AccuWeather
7%

Score Distribution

Percentile by Number Answered

Percent of People with Each Score

Your Score History

You have not taken this quiz